| 000 | 00606nam a2200205Ia 4500 | ||
|---|---|---|---|
| 005 | 20250326144403.0 | ||
| 008 | 250326s9999 xx 000 0 und d | ||
| 020 | _a9780070260436 | ||
| 037 | _aTextbook | ||
| 040 |
_aFMSL _beng _cFMSL |
||
| 041 |
_aeng _2eng |
||
| 084 |
_aX:8 P8 _qFMSL |
||
| 100 |
_aHarvard Business Review _9728401 |
||
| 245 | 0 |
_aHarvard Business Review on talent management _cHarvard Business Review |
|
| 260 |
_aBoston _bBoston, Harvard Business Press _c2008 |
||
| 300 | _avii,196 | ||
| 365 | _b1075.1400000000001 | ||
| 942 |
_cTB _hX:8 P8 |
||
| 999 |
_c1303522 _d1303522 |
||